| 000 | 01785nam a2200289 a 4500 | ||
|---|---|---|---|
| 001 | 000015040 | ||
| 005 | 20260210110716.0 | ||
| 008 | 100129s2000 dr a 000 0 spa d | ||
| 020 | _a9993401382 | ||
| 040 |
_aDO-SdBNP _bspa _cBNPHU |
||
| 082 |
_a972.93 _bG934m, 2000 |
||
| 100 | 1 |
_aGuerrero Pichardo, Gustavo _934039 |
|
| 245 | 1 | 3 |
_aMagnicidios en dominicana : _blas muertes de Pepillo Salcedo, Ulises Heureaux, Mon Cáceres y Trujillo / _cGustavo Guerrero. |
| 250 | _a2º ed. | ||
| 260 |
_aSanto Domingo : _bLibrería La Trinitaria, _c2000. |
||
| 300 |
_a69 p. : _bil. ; _c21 cm. |
||
| 500 | _aIncluye notas al pie de las páginas | ||
| 505 | 0 |
_gPreámbulo -- _tUna descarga cerrada corta la vida de Pepillo Salcedo en la playa de Maimón -- _tNotables asesinatos políticos en nuestro país -- _gLa muerte del coloso Ulises Heureaux -- _tMotivos de su muerte -- _tCon rumbo al Cibao -- _tLlegada a Moca -- _tDía de la tragedia -- _t¡Sálvese el que pueda! -- _tLos conjurados -- _tLealtad en Perico Pepín -- _tOtras tramas para matarlo -- _tAnécdota jocosa -- _tLa historia se repite -- _gLa muerte del Presidente Cáceres -- _tMotivos de la conspiración -- _tEl día de la tragedia -- _tInútil la mano derecha -- _tCapturan a Luis Tejera -- _tTrasladan el cadáver -- _g¡Al fin desaparece Trujillo! -- _tLa palanca oculta -- _tLa conspiración. |
|
| 600 | 1 | 4 |
_aSALCEDO, JOSÉ ANTONIO, _d1816-1864 _934040 |
| 600 | 1 | 0 |
_a Heureaux, Ulises, _d1845-1899 _9598 |
| 600 | 1 | 4 |
_aCÁCERES, RAMÓN, _d1866-1911 _9196 |
| 600 | 1 | 0 |
_aTrujillo Molina, Rafael Leónidas, _d 1891-1961 _976764 |
| 650 | 4 |
_aHomicidio político _zRepública Dominicana _911383 |
|
| 650 | 0 |
_aDelitos políticos _934041 |
|
| 651 | 0 |
_aRepública Dominicana _xPolítica y gobierno _945 |
|
| 910 | _aValidado. Control de calidad BNPHU | ||
| 999 |
_c14613 _d14613 |
||